Les 20 plus grandes villes bulgares - Statistiques

Statistiques générales
  • Ce quiz a été pris 54 fois
  • Le résultat moyen est 7 sur 20
Statistiques - réponses
Indice réponse % Correct
1 328 790 Sofia
100%
347 851 Plovdiv
83%
345 151 Varna
78%
208 235 Bourgas
63%
157 577 Roussé
43%
117 984 Pleven
37%
86 516 Veliko Tarnovo
37%
155 426 Stara Zagora
35%
87 629 Pernik
28%
117 579 Sliven
26%
82 240 Dobritch
22%
85 460 Haskovo
20%
87 152 Choumen
17%
63 473 Vratsa
17%
67 222 Yambol
13%
70 097 Kardjali
9%
67 433 Kazanlak
9%
106 526 Pazardjik
9%
60 517 Asenovgrad
4%
74 825 Blagoevgard
2%
Aucun quiz correspondant
Distribution des résultats
% des personnes avec chaque résultat
Percentile par nombre de réponses
Votre historique - résultats
Vous n’avez pas pris ce quiz